| 000 | 00414nam a2200157 i 4500 | ||
|---|---|---|---|
| 001 | 142692 | ||
| 003 | ES-MaACL | ||
| 005 | 20230906200609.0 | ||
| 007 | t| | ||
| 008 | 071009s1932 cl ||||1| spa d | ||
| 100 | 1 |
_aVieira, Arthur. _9114567 |
|
| 245 | 1 | 0 |
_aPoetas de Portugal / _cArthur Vieira. |
| 260 |
_aSantiago de Chile : _bNascimento, _c1932. |
||
| 300 |
_a48 p. ; _c19 cm. |
||
| 852 |
_aES-MaACL _j1781-F-2 |
||
| 999 |
_c142692 _d142692 |
||